000 00229nam a22000857a 4500
008 160705b xxu||||| |||| 00| 0 eng d
100 _92155
_a Bakshi, R
245 _aTilli the Butterfly
260 _aNew Delhi
_bNational Book Trust
_c1982
999 _c1847
_d1847